| 000 | 01107nam a2200217Ii 4500 | ||
|---|---|---|---|
| 003 | JO-AjNU | ||
| 008 | 230605s9999||||xx |||||||||||||| ||und|| | ||
| 040 |
_aJO-AjNU _bara _erda _cJO-AjNU |
||
| 041 | _aara | ||
| 050 | 1 | 4 | _aKMM394.6.S2272.2002 |
| 100 | 3 |
_aالسعيد، كامل , _eauthor _931726 |
|
| 245 | 0 | 0 | _aشرح قانون العقوبات : الجرائم الواقعة على الشرف ، الذم ،القدح ، التحقير، التهديد، خرق حرمة المنزل ، الحرمان من الحرية الشخصية ، إفشاء الأسرار، إفشاء المخابرة الهاتفية " دراسة تحليلية مقارنة " |
| 250 | _aط1 | ||
| 264 | 3 | 1 | _aعمان : الدار العلمية الدولية ، دار الثقافة ،2002 |
| 300 | _a252ص | ||
| 336 |
_atext _btxt _2rdacontent |
||
| 337 |
_aunmediated _bn _2rdamedia |
||
| 338 |
_avolume _bnc _2rdacarrier |
||
| 490 | 0 | _aالمكتبة القانونية (438 ) | |
| 650 | 4 |
_aقانون العقوبات -- الجرائم الجنسية -- قوانيين وتشريعات -- الأردن _931727 |
|
| 999 |
_aA12722 _c16290 _d16290 |
||